000
00206 a2200097 4500
001
4847
100
_a
Bronowski,J
245
_a
Commonsence of science the
260
_a
_b
Heinemann
_c
090
_c
4038
_d
4038
942
_a
NUST-CAE
_c
M
_c
30310
999
_c
239920
_d
239920